000 00354cam a2200145ua 4500
041 _aeng
_h
082 _a822
_bGOS/RE
100 _aGosse, Edmund .
245 _aRestoration plays /
_cEdmund Gosse.
_hTextual Documents
260 _aLondon :
_bJ M Dent and Sons Ltd ,
_c1959.
300 _a509 ; .
504 _a
942 _cBK
999 _c6060
_d6060